| 000 | 00449nam a2200157Ia 4500 | ||
|---|---|---|---|
| 008 | 220216s9999 xx 000 0 und d | ||
| 100 | _aDe Decker H C J | ||
| 245 | 0 | _aTread wear and fuel consumption of tyres | |
| 260 | _bProceedings of the 3rd Rubber Technology Conference, London, 1954; p749-762 | ||
| 650 | _aFuel consumption | ||
| 650 | _aTread wear | ||
| 650 | _aTyre | ||
| 700 | _aHouwink R | ||
| 700 | _aVan Amerongen G J | ||
| 942 | _cJS | ||
| 999 |
_c71507 _d71507 |
||